Estimated proved and unproved oil and gas reserves, Gulf of Mexico, December 31, 1996 /

Bibliographic Details
Corporate Author: United States. Minerals Management Service. Gulf of Mexico OCS Region
Other Authors: Bacigalupi, Suzan M.
Format: Government Document Microform Book
Language:English
Published: [New Orleans, La.] : U.S. Dept. of the Interior, Minerals Management Service, Gulf of Mexico OCS Regional Office, [1998]
Series:OCS report.
Subjects:
Online Access:https://purl.fdlp.gov/GPO/LPS1842

MARC

Tag First Indicator Second Indicator Subfields
LEADER 00000cam a2200000 a 4500
001 in00000001551
007 he bmb024bbca
008 981019s1998 dcuab bb f000 0 eng d
005 20230309222536.6
035 |a (OCoLC)40129559 
035 |9 AJB6508AM 
035 |a in00000001551 
040 |a GPO  |c GPO  |d DLC  |d MvI  |d UtOrBLW 
043 |a nm----- 
049 |a UMIC 
049 |a WWW 
074 |a 0671-F (MF) 
074 |a 0671-F (online) 
086 0 |a I 72.12/3:98-0032 
245 0 0 |a Estimated proved and unproved oil and gas reserves, Gulf of Mexico, December 31, 1996 /  |c Suzan M. Bacigalupi [and others]. 
246 1 |i At head of title:  |a Outer continental shelf 
264 1 |a [New Orleans, La.] :  |b U.S. Dept. of the Interior, Minerals Management Service, Gulf of Mexico OCS Regional Office,  |c [1998] 
300 |a v, 26 pages :  |b illustrations, maps ;  |c 28 cm. 
336 |a text  |b txt  |2 rdacontent 
337 |a microform  |b h  |2 rdamedia 
338 |a microfiche  |b he  |2 rdacarrier 
490 1 |a OCS report 
500 |a "June 1998." 
500 |a Shipping list number: 98-1058-M. 
504 |a Includes bibliographical references (page 25). 
500 |a "MMS 98-0032." 
530 |a Also available via Internet from the Minerals Management Service web site. 
533 |a Microfiche.  |b [Washington, D.C.] :  |c Supt. of Docs., U.S. G.P.O.,  |d 1998  |e 1 microfiche : negative. 
500 |a Microform. 
650 0 |a Petroleum reserves  |z Mexico, Gulf of. 
650 0 |a Petroleum reserves  |z Gulf Coast (U.S.) 
650 0 |a Natural gas reserves  |z Mexico, Gulf of. 
650 0 |a Natural gas reserves  |z Gulf Coast (U.S.) 
650 0 |a Offshore oil industry  |z Gulf Coast (U.S.) 
650 0 |a Offshore gas industry  |z Gulf Coast (U.S.) 
700 1 |a Bacigalupi, Suzan M. 
710 1 |a United States.  |b Minerals Management Service.  |b Gulf of Mexico OCS Region. 
830 0 |a OCS report. 
856 4 1 |u https://purl.fdlp.gov/GPO/LPS1842  |t 0 
999 |a MARS 
999 f f |i de7f5ba9-2865-313a-8c81-0bead47863f7  |s 84b173e1-8315-3c2b-8e04-ce61fe7d267f  |t 0 
952 f f |a Texas A&M University  |b College Station  |c Electronic Resources  |d Available Online  |t 0  |e I 72.12/3:98-0032  |h Superintendent of Documents classification 
952 f f |a Texas A&M University  |b College Station  |c Sterling C. Evans Library  |d Evans: US Documents Microfiche (3rd floor)  |t 0  |e I 72.12/3:98-0032  |h Superintendent of Documents classification 
998 f f |a I 72.12/3:98-0032  |t 0  |l Available Online 
998 f f |a I 72.12/3:98-0032  |t 0  |l Evans: US Documents Microfiche (3rd floor)